000 00574nam a2200217Ia 4500
005 20241129120151.0
008 241129s9999||||xx |||||||||||||| ||und||
020 _a9788119127924
037 _aTB
040 _aSDCL
_beng
_cSDCL
041 _ahin
_2hin
084 _aV2y7N32, R3
_qSDCL
100 _aKidwai Mohsina
_9729320
245 0 _aBhartiya rajneeti aur mera jeevan
260 _aNoida
_bSetu Prakashan
_c2023
300 _a306p.
365 _aINR
_b399
650 _aPolitical Science
942 _cTB
_hV2y7N32, R3
999 _c1233633
_d1233633